Catalog

Record Details

Catalog Search



My Antonia / Willa Cather ; with an introduction ... Read More

Available copies

  • 3 of 3 copies available at LARL/NWRL Consortium.
  • 1 of 1 copy available at Lake Agassiz Regional Library. (Show preferred library)

Current holds

0 current holds with 3 total copies.

Show Only Available Copies
Location Call Number / Copy Notes Barcode Shelving Location Status Due Date
Moorhead Public Library CAT (Text) 33500009312570 Main Available -
Godel Memorial-Warren Library CAT (Text) 35500004363089 Main Available -
Warroad Public Library CAT (Text) 35500006647893 Main Available -

Record details

  • ISBN: 9780679447276
  • ISBN: 067944727X
  • ISBN: 9780525562863 (Vintage classics)
  • Physical Description: xxxiii, 272 p. ; 22 cm.
  • Publisher: New York : A.A. Knopf, c1996.

Content descriptions

Bibliography, etc. Note:
Includes bibliographical references (p. xix).
Subject: Women immigrants > Fiction.
Farmers' spouses > Fiction.
Czech Americans > Fiction.
Women pioneers > Fiction.
Married women > Fiction.
Friendship > Fiction.
Farm life > Fiction.
Nebraska > Fiction.
Genre: Domestic fiction.
Western stories.
LDR 01588cam a2200433 a 4500
00181040
003LARL_NWRL_CONSORTIUM
00520230227211955.0
008961126r19961918nyu b 000 1 eng
019 . ‡a58996905
020 . ‡a9780679447276
020 . ‡a067944727X
020 . ‡a9780525562863 (Vintage classics)
035 . ‡a(OCoLC)35118114 ‡z(OCoLC)58996905
043 . ‡an-us-nb
08200. ‡a813/.52 ‡221
1001 . ‡aCather, Willa, ‡d1873-1947. ‡0(LARL_NWRL_CONSORTIUM)62629
24510. ‡aMy Antonia / ‡cWilla Cather ; with an introduction by Lucy Hughes-Hallett.
260 . ‡aNew York : ‡bA.A. Knopf, ‡cc1996.
300 . ‡axxxiii, 272 p. ; ‡c22 cm.
4900 . ‡aEveryman's library ; ‡v228
504 . ‡aIncludes bibliographical references (p. xix).
650 0. ‡aWomen immigrants ‡vFiction. ‡0(LARL_NWRL_CONSORTIUM)167968
650 0. ‡aFarmers' spouses ‡vFiction. ‡0(LARL_NWRL_CONSORTIUM)164911
650 0. ‡aCzech Americans ‡vFiction. ‡0(LARL_NWRL_CONSORTIUM)171776
650 0. ‡aWomen pioneers ‡vFiction. ‡0(LARL_NWRL_CONSORTIUM)167870
650 0. ‡aMarried women ‡vFiction. ‡0(LARL_NWRL_CONSORTIUM)166048
650 0. ‡aFriendship ‡vFiction. ‡0(LARL_NWRL_CONSORTIUM)164944
650 0. ‡aFarm life ‡vFiction. ‡0(LARL_NWRL_CONSORTIUM)164970
651 0. ‡aNebraska ‡vFiction. ‡0(LARL_NWRL_CONSORTIUM)168673
655 0. ‡aDomestic fiction.
655 7. ‡aWestern stories. ‡2gsafd
901 . ‡a81040 ‡bOCLC ‡c81040 ‡tbiblio

Additional Resources